000 00668nam a22002177a 4500
003 UA-OsUOA
001 39367
007 ta
008 20080404b un ||||| |||| 00| 0 ukr d
090 _a050
942 _cMG
040 _aUA-OsUOA
_bukr
_cUA-OsUOA
_dUA-OsUOA
245 _aУкраїнський учитель в Канаді
955 _a4
041 _aukr
080 _a050
260 _aВінніпег
310 _a1979: 2; 1982: 3-4; 1983: 4
650 7 _a050 Серійні публікації. Періодика галузі, Організація та інші типи поєднання (співробітництва)
_2UDC
999 _c437879
_d437879